| 000 | 01135nam a2200217 i 4500 | ||
|---|---|---|---|
| 001 | 161939 | ||
| 003 | ES-MaACL | ||
| 005 | 20230906212404.0 | ||
| 008 | 990708s1862 sp |||| | spa d | ||
| 040 |
_aCCPB | B _bspa _cCCPB | B |
||
| 100 | 1 |
_aPeris y Valero, José. _9131027 |
|
| 245 | 1 | 3 |
_aLa frenopatia y la Academia de Medicina y Cirujia [sic] de Valencia _b: o examen científico de las soluciones dadas por aquella corporación a las ocho cuestiones propuestas por el Juez de la causa formada sobre la supuesta detención ilegal de Dª Juana Sagrera en el Manicomio de San Baudilio de Llobregat / _cpor José Peris y Valero. |
| 260 |
_aValencia : _b[s.n.], _c1862 ( _fImp. de José Mateu) |
||
| 300 |
_a48 p. ; _c21 cm. |
||
| 530 | _aDisponible en formato digital. | ||
| 610 | 2 |
_aReal Academia de Medicina de Valencia. _96322 |
|
| 650 | 4 |
_aPsicosis. _9146480 |
|
| 710 | 2 |
_aReal Academia de Medicina de Valencia. _96322 |
|
| 852 |
_aES-MaACL _jT-1262-F-6 _z- Enc. hol. conservando la cub. original _z- Enc. en un vol. facticio |
||
| 856 |
_uhttp://bdh-rd.bne.es/viewer.vm?id=0000096921&page=1 _zBiblioteca Digital Hispánica |
||
| 999 |
_c161939 _d161939 |
||